000 00193nam a2200085Ia 4500
008 180219s9999 xx 000 0 und d
100 _aGupta R P
245 0 _aUtilization Of Electrical Energy
260 _c2014
300 _a0
999 _c43638
_d43638